| 000 | 00463nam a2200181Ia 4500 | ||
|---|---|---|---|
| 001 | 11031 | ||
| 005 | 20260306161916.0 | ||
| 008 | 260306t2002||||xx |||||||||||||| ||spa|| | ||
| 041 | _aESP | ||
| 082 |
_a985.001 _bF62 T. 1 |
||
| 100 |
_aFlores Espinoza, Javier _eAUT |
||
| 245 | 0 |
_aEl hombre y los Andes: _bhomenaje a Franklin Pease G. Y. |
|
| 260 | _c2002 | ||
| 300 |
_a508 páginas : _c24 cm. |
||
| 650 | _aGEN | ||
| 654 | _aCHU | ||
| 942 |
_cLIB _dJUS _fJUS _2ddc _n |
||
| 999 |
_c11031 _d11031 |
||